European market indicators (Record no. 106857)
[ view plain ]
| 000 -LEADER | |
|---|---|
| fixed length control field | 01014cad a22002295a 4500 |
| 001 - CONTROL NUMBER | |
| control field | L137637 |
| 008 - FIXED-LENGTH DATA ELEMENTS--GENERAL INFORMATION | |
| fixed length control field | 070420s2007 xxkd f s 000 0 eng d |
| 035 ## - SYSTEM CONTROL NUMBER | |
| System control number | (Sirsi) u137637 |
| 041 0# - LANGUAGE CODE | |
| Language code of text/sound track or separate title | eng |
| 050 04 - LIBRARY OF CONGRESS CALL NUMBER | |
| Classification number | 332.6324 $2 18 |
| 110 2# - MAIN ENTRY--CORPORATE NAME | |
| Corporate name or jurisdiction name as entry element | Knight Frank |
| 9 (RLIN) | 1530 |
| 245 00 - TITLE STATEMENT | |
| Title | European market indicators |
| Medium | [electronic resource] |
| 260 ## - PUBLICATION, DISTRIBUTION, ETC. | |
| Place of publication, distribution, etc. | London |
| Name of publisher, distributor, etc. | Knight Frank |
| Date of publication, distribution, etc. | 2007 |
| 490 ## - SERIES STATEMENT | |
| Series statement | Knight Frank European Market Indicators |
| Volume/sequential designation | Spring 2007 |
| 520 ## - SUMMARY, ETC. | |
| Summary, etc. | Illustrates the rental cycles of Europe's office, distribution/industrial and shopping centre markets using the Knight Frank Wave. The wave depicts the current position of selected European centres with respect to their local prime rental cycle. Charts European office vacancy rates. |
| 590 ## - LOCAL NOTE (RLIN) | |
| Local note | KA |
| 650 24 - SUBJECT ADDED ENTRY--TOPICAL TERM | |
| Topical term or geographic name entry element | KNIGHT FRANK EUROPEAN MARKET INDICATORS |
| 651 #4 - SUBJECT ADDED ENTRY--GEOGRAPHIC NAME | |
| Geographic name | EUROPE |
| 690 ## - LOCAL SUBJECT ADDED ENTRY--TOPICAL TERM (OCLC, RLIN) | |
| Topical term or geographic name as entry element | PROPERTY-COMMERCIAL PROPERTY-COMMERCIAL PROPERTY MARKET |
| 856 40 - ELECTRONIC LOCATION AND ACCESS | |
| Uniform Resource Identifier | <a href="https://www.knightfrank.com">https://www.knightfrank.com</a> |
| Public note | View the item free of charge at www.knightfrank.com... |
| 942 ## - ADDED ENTRY ELEMENTS (KOHA) | |
| Suppress in OPAC | 0 |
| Withdrawn status | Lost status | Source of classification or shelving scheme | Damaged status | Not for loan | Home library | Current library | Shelving location | Date acquired | Total Checkouts | Full call number | Barcode | Date last seen | Copy number | Price effective from | Koha item type |
|---|---|---|---|---|---|---|---|---|---|---|---|---|---|---|---|
| Dewey Decimal Classification | Virtual | Virtual | Online | 20/04/2007 | L137637 | 137637-1001 | 06/08/2019 | 1 | 06/08/2019 | Book |